Знаковая система как неотъемлемая часть дизайна; Молодежь и современные информационные технологии

Dettagli Bibliografici
Parent link:Молодежь и современные информационные технологии.— 2019.— [С. 460-461]
Autore principale: Долгалева О. В.
Ente Autore: Национальный исследовательский Томский политехнический университет Инженерная школа информационных технологий и робототехники Отделение автоматизации и робототехники (ОАР)
Altri autori: Вехтер Е. В. Евгения Викторовна (научный руководитель)
Riassunto:Заглавие с титульного экрана
Lingua:russo
Pubblicazione: 2019
Serie:Компьютерная графика и дизайн
Soggetti:
Accesso online:http://earchive.tpu.ru/handle/11683/52622
Natura: MixedMaterials Elettronico Capitolo di libro
KOHA link:https://koha.lib.tpu.ru/cgi-bin/koha/opac-detail.pl?biblionumber=629195

MARC

LEADER 00000naa2a2200000 4500
001 629195
005 20231227093902.0
035 |a (RuTPU)RU\TPU\conf\29643 
035 |a RU\TPU\conf\29641 
090 |a 629195 
100 |a 20190204d2019 k y0rusy50 ca 
101 0 |a rus 
102 |a RU 
105 |a y z 101zy 
135 |a drcn ---uucaa 
181 0 |a i  
182 0 |a b 
200 1 |a Знаковая система как неотъемлемая часть дизайна  |f О. В. Долгалева, Е. В. Вехтер  |g науч. рук. Е. В. Вехтер 
203 |a Текст  |c электронный 
225 1 |a Компьютерная графика и дизайн 
300 |a Заглавие с титульного экрана 
320 |a [Библиогр.: с. 461 (10 назв.)] 
463 0 |0 (RuTPU)RU\TPU\conf\29427  |t Молодежь и современные информационные технологии  |o сборник трудов XVI Международной научно-практической конференции студентов, аспирантов и молодых учёных, 3-7 декабря 2018 г., г. Томск  |f Национальный исследовательский Томский политехнический университет, Инженерная школа информационных технологий и робототехники ; под ред. Д. М. Сонькина [и др.]  |v [С. 460-461]  |d 2019 
610 1 |a электронный ресурс 
610 1 |a труды учёных ТПУ 
610 1 |a дизайн 
610 1 |a знаковые системы 
610 1 |a проектирование 
610 1 |a объекты 
610 1 |a промышленный дизайн 
700 1 |a Долгалева  |b О. В. 
701 1 |a Вехтер  |b Е. В.  |c специалист в области инженерной графики и начертательной геометрии  |c доцент Томского политехнического университета, кандидат педагогических наук  |f 1972-  |g Евгения Викторовна  |3 (RuTPU)RU\TPU\pers\26510  |9 12212 
702 1 |a Вехтер  |b Е. В.  |c специалист в области инженерной графики и начертательной геометрии  |c доцент Томского политехнического университета, кандидат педагогических наук  |f 1972-  |g Евгения Викторовна  |4 727 
712 0 2 |a Национальный исследовательский Томский политехнический университет  |b Инженерная школа информационных технологий и робототехники  |b Отделение автоматизации и робототехники (ОАР)  |3 (RuTPU)RU\TPU\col\23553 
801 2 |a RU  |b 63413507  |c 20201230  |g RCR 
856 4 |u http://earchive.tpu.ru/handle/11683/52622 
942 |c BK